02535nam a22002537a 450000500170000000800410001702000180005804000070007604100120008308200210009510000250011624500500014126000430019130000280023436500550026252016020031765000280191965000530194765000530200070000260205394200120207999900190209195201710211020231213141059.0231213b ||||| |||| 00| 0 eng d a9781982185855 cAL aEnglish 223a306.89bSMIY aMaggie Smith9145819 aYou Could Make This Place Beautiful: A Memoir aNew YorkbOne Signal Publishers c2023 a314 p.bHBc23.5x16 cm. a6671b₹2079.00c₹d₹2599.00e20%f11-12-2023 aINSTANT NEW YORK TIMES BESTSELLER • NPR Best Book of the Year • Time Best Book of the Year Oprah Daily Best Memoir of the Year “A bittersweet study in both grief and joy.” ­—Time “A sparklingly beautiful memoir-in-vignettes” (Isaac Fitzgerald, New York Times bestselling author) that explores coming of age in your middle age—from the bestselling poet and author of Keep Moving. “Life, like a poem, is a series of choices.” In her memoir You Could Make This Place Beautiful, poet Maggie Smith explores the disintegration of her marriage and her renewed commitment to herself. The book begins with one woman’s personal heartbreak, but its circles widen into a reckoning with contemporary womanhood, traditional gender roles, and the power dynamics that persist even in many progressive homes. With the spirit of self-inquiry and empathy she’s known for, Smith interweaves snapshots of a life with meditations on secrets, anger, forgiveness, and narrative itself. The power of these pieces is cumulative: page after page, they build into a larger interrogation of family, work, and patriarchy. You Could Make This Place Beautiful, like the work of Deborah Levy, Rachel Cusk, and Gina Frangello, is an unflinching look at what it means to live and write our own lives. It is a story about a mother’s fierce and constant love for her children, and a woman’s love and regard for herself. Above all, this memoir is “extraordinary” (Ann Patchett) in the way that it reveals how, in the aftermath of loss, we can discover our power and make something new and beautiful.  aAutobiographies9145764 aDivorced women--United States--Biography9145765 aSelf-actualization (Psychology) in Women9145766 aSMITH(Maggie)9145767 2ddccBK c229488d229488 00102ddc40708ENGaALbALd2023-12-13eBiblios Book Point Surathkal Mangalore 575014g2079.00l0o306.89 SMIYp077004r2023-12-13 00:00:00v2599.00w2023-12-13yBK